Local government in India (Record no. 348618)

000 -LEADER
fixed length control field 00384cam a22001337a 4500
008 - FIXED-LENGTH DATA ELEMENTS--GENERAL INFORMATION
fixed length control field 180718b1971 xxu||||| |||| 00| 0 eng d
082 ## - DEWEY DECIMAL CLASSIFICATION NUMBER
Classification number B7x54 M278
100 ## - MAIN ENTRY--PERSONAL NAME
Personal name Maheshwari, Shri Ram
245 ## - TITLE STATEMENT
Title Local government in India
Statement of responsibility, etc. by Shri Ram Maheshwari
260 ## - PUBLICATION, DISTRIBUTION, ETC.
Place of publication, distribution, etc. New Delhi
Name of publisher, distributor, etc. Orient Longman
Date of publication, distribution, etc. 1971
300 ## - PHYSICAL DESCRIPTION
Extent 392p.
650 ## - SUBJECT ADDED ENTRY--TOPICAL TERM
Topical term or geographic name entry element Villages --India.
650 ## - SUBJECT ADDED ENTRY--TOPICAL TERM
Topical term or geographic name entry element Local government --India
Holdings
Withdrawn status Lost status Damaged status Not for loan Permanent Location Current Location Date acquired Full call number Barcode Date last seen Price effective from Koha item type
        Indian Institute of Public Administration Indian Institute of Public Administration 2009-08-19 B7x54 M278/76 55323 2018-07-21 2018-07-21 Book
        Indian Institute of Public Administration Indian Institute of Public Administration 2009-08-19 B7x54 M278 55320 2018-07-21 2018-07-21 Book
        Indian Institute of Public Administration Indian Institute of Public Administration 1993-10-26 B7x54 M278/76 52775 2022-05-11 2018-07-21 Book
        Indian Institute of Public Administration Indian Institute of Public Administration 1993-10-26 B7x54 M278 46328 2018-07-21 2018-07-21 Book
        Indian Institute of Public Administration Indian Institute of Public Administration 1993-10-26 B7x54 M278 46327 2018-07-21 2018-07-21 Book

Powered by Koha